000 00624nam a2200265Ia 4500
005 20260121161338.0
008 008 260114s9999 xx 000 0 eng d
020 _a9781315244679
037 _aEBOOK
040 _aCRL
040 _beng
040 _cCRL
041 _2eng
041 _aeng
084 _qCRL
100 _aReligions of the East
_91043269
245 0 _aStephen Hunt
260 _bTaylor and Francis
260 _c2010
650 _aAsian Studies
_91043270
856 _uhttp://www.taylorfrancis.com/books/9781315244679
942 _cEBOOK
999 _c1610037
_d1610037